LEADER 02350nam1 2200505 i 450 001 PUV0905659 005 20251003044315.0 010 $a8883045084 100 $a20030322g2002 ||||0itac50 ba 101 | $aita 102 $ait 181 1$6z01$ai $bxxxe 182 1$6z01$an 183 1$6z01$anc$2RDAcarrier 200 1 $aStoria dell'agricoltura italiana 210 $aFirenze$cPolistampa$d\2002! 215 $a5 v.$d25 cm 300 $aIn testa al front.: Accademia dei Georgofili 300 $aIn cofanetto. 462 1$1001PUV0905662$12001 $aˆ1: L'‰età antica$fa cura di Gaetano Forni e Arnaldo Marcone.$v1$1702 1$aMarcone$b, Arnaldo$3CFIV028749$1702 1$aForni$b, Gaetano$f <1926- >$3CFIV063871 462 1$1001PUV0905677$12001 $a3$eˆL'‰età contemporanea.$v3 463 1$1001PUV0905671$12001 $aˆ2: Il ‰Medioevo e l'età moderna$fa cura di Giuliano Pinto, Carlo Poni, Ugo Tucci$v2 606 $aAgricoltura$xItalia$xStoria$2FIR$3CFIC014973$9E 676 $a338.10945$9AGRICOLTURA. Italia$v20 676 $a338.10945$9AGRICOLTURA. Italia$v21 676 $a630.945$9AGRICOLTURA E TECNOLOGIE CONNESSE$v21 676 $a630.945$9AGRICOLTURA E TECNOLOGIE CONNESSE. Italia$v22 712 02$aAccademia dei Georgofili$3CFIV028268 791 02$aAccademia italiana dei Georgofili$3BVEV033458$zAccademia dei Georgofili 791 02$aAccademia economico-agraria dei Georgofili$3CFIV091839$zAccademia dei Georgofili 791 02$aRegia Accademia dei Georgofili$3CFIV157312$zAccademia dei Georgofili 791 02$aˆI ‰Georgofili$3CFIV342704$zAccademia dei Georgofili 791 02$aReale Accademia dei Georgofili$3UMCV327569$zAccademia dei Georgofili 801 3$aIT$bIT-000000$c20030322 850 $aIT-BN0095 $aIT-NA0500 $aIT-NA0452 $aIT-AV0045 $aIT-NA0226 $aIT-NA0097 901 $bNAP MV$cD $nDEPOSITO LIBRARIO NARRATIVA SALA D 901 $bNAP 49$cT $n$ 901 $bNAP NC$cR $n$ 901 $bNAP IS$cISSM $nSezione di studi sociali dell'attuale Istituto di studi sulle società del Mediterraneo 901 $bNAP SP$cCONS $nSALA CONSULTAZIONE 912 $aPUV0905659 967 $m3 977 $a 01$a 49$a IS$a MV$a NC$a SP 996 $aStoria dell'agricoltura italiana$966000 997 $aUNISANNIO